Le Bénin pour les touristes... - Statistiques

Statistiques générales
  • Ce quiz a été pris 37 fois
  • Le résultat moyen est 7 sur 20
Statistiques - réponses
Question Indice Réponses % Correct
Quelles sont les langues officielles ? Français
100%
Ce pays est plus grand que la France (oui/non) Non
74%
Quel pays a accordé son indépendance à celui-ci ? France
71%
Dans la capitale quel est le décalage horaire avec Paris ? (+ ou - et chiffre) ex - 10 - 1
65%
Quelle est la monnaie ? Franc CFA
65%
Le principal aéroport est C Cotonou
62%
Quels est le climat local ? T Tropical
59%
Quelles sont les principaux lieux touristiques ? O {Ouidah}
44%
Quel est le régime du pays ? République
44%
La religion majoritaire est Christianisme
41%
Quelles sont les principaux lieux touristiques ? A Abomey
26%
Le suffixe internet est bj
26%
Achats à faire 5/ Instrument de musique Tam tam
21%
Quelles sont les principaux lieux touristiques ? S Natitingou et le pays {Somba}
12%
Achats à faire 4/ Poterie de l' Atacora
6%
Achats à faire 3/ Figurine de Laiton
6%
Achats à faire 2/ Tissus appliqués
3%
Quelles sont les langues officielles ? Boko
3%
Achats à faire 1/ Courges Calebasses
3%
Code sur les plaques minéralogiques DY
0%
Aucun quiz correspondant
Distribution des résultats
% des personnes avec chaque résultat
Percentile par nombre de réponses
Votre historique - résultats
Vous n’avez pas pris ce quiz